| 000 | 00681nam a2200229Ia 4500 | ||
|---|---|---|---|
| 003 | IN-BaIIA | ||
| 008 | 211028s9999 xx 000 0 eng d | ||
| 020 | _a81-224-0825-7 | ||
| 040 | _cIIA Library | ||
| 080 |
_a539.143 _bMUK |
||
| 100 |
_aMukherjee, S. N _920308 |
||
| 245 | 0 |
_aPhysics of rotating nuclei _cS. N Mukherjee and Y. R Waghmare |
|
| 260 |
_aNew Delhi _bNew Age International _c1995 |
||
| 300 | _ax, 322p. | ||
| 650 |
_aMoments _920309 |
||
| 650 |
_aNuclear structure _93051 |
||
| 650 |
_aNuclei _94951 |
||
| 650 |
_aRotating nuclei _920310 |
||
| 650 |
_aSpin _919410 |
||
| 700 |
_aWaghmare, Y. R. _920311 |
||
| 942 | _cBK | ||
| 999 |
_c11729 _d11729 |
||